Laddar...
Sisson and grossman's the anatomy of the domestic animals v.2
| Huvudupphovsman: | |
|---|---|
| Materialtyp: | Printed Book |
| Språk: | Undetermined |
| Publicerad: |
Philadelphia
1961
W.B. Saunders company |
| Upplaga: | 5 |
| LEADER | 00705nam a2200229Ia 4500 | ||
|---|---|---|---|
| 008 | 141122s9999 xx 000 0 und d | ||
| 040 | |c . | ||
| 041 | |a English | ||
| 082 | |a 636.089 1 | ||
| 082 | |b GET/SI | ||
| 100 | |a Robert Getty | ||
| 245 | |a Sisson and grossman's the anatomy of the domestic animals v.2 | ||
| 245 | |c Robert Getty | ||
| 250 | |a 5 | ||
| 260 | |b Philadelphia | ||
| 260 | |b W.B. Saunders company | ||
| 260 | |c 1961 | ||
| 300 | |a 2095 Pages | ||
| 500 | |a Tr. to Anatomy Dept. | ||
| 942 | |c BK | ||
| 999 | |c 14941 |d 14941 | ||
| 952 | |0 0 |1 0 |2 ddc |4 2 |6 636_089000000000000_1_GETSI |7 0 |9 14708 |a COVAS |b COVAS |d 0000-00-00 |o 636.089 1 GET/SI |p 6743(Tr) |r 2014-11-26 |w 2014-11-26 |y BK |z Dept. Anatomy & Histology | ||